Palavras (Record no. 144816)

MARC details
000 -LÍDER
campo de controle de tamanho fixo 00377 a2200169 4500
001 - NÚMERO DE CONTROLE
campo de controle 144816
040 ## - FONTE DA CATALOGAÇÃO
Instituição que transcreveu o registro Leonardo Da Vinci
041 ## - CÓDIGO DE IDIOMA
Código do idioma do texto/trilha sonora ou título diferente Português
082 ## - CDD - CLASSIFICAÇÃO DECIMAL DE DEWEY
Número de Classificação IJ G896p
Número do exemplar G896p
100 ## - ENTRADA PRINCIPAL--NOME PESSOAL
Nome pessoal Lins, Guto
245 ## - TÍTULO
Título Palavras
260 ## - PUBLICAÇÃO, DISTRIBUIÇÃO, ETC.
Nome do editor, distribuidor, etc. Ione Meloni Nassar
Data da publicação, distribuição, etc. 2011
Local de publicação, distribuição, etc. São Paulo
300 ## - DESCRIÇÃO FÍSICA
Extensão 34p
362 ## - DATAS DE PUBLICAÇÃO E/OU DESIGNAÇÃO SEQUENCIAL
Datas de publicação e/ou designação sequencial 20110000
697 ## - ENTRADA DE ASSUNTO LOCAL--ENTIDADE COLETIVA (RLIN)
Nome corporativo ou nome da jurisdição Poesia infanto-juvenil
942 ## - ELEMENTOS DE ENTRADA ADICIONADOS (KOHA)
Tipo de material Koha Livros
Holdings
Situação do descarte Situação das perdas Situação física Não pode ser emprestado Biblioteca de origem Biblioteca atual Data de aquisição Total de empréstimos Número de chamada completo Código de barras Data de último acesso Data do preço efetivo Tipo de material Koha Fonte da classificação ou esquema de arquivamento na estante
        Leonardo Da Vinci - Granja Viana Leonardo Da Vinci - Granja Viana 27/03/2024   IJ G896p G01256 27/03/2024 27/03/2024 Livros  
        Leonardo Da Vinci - Osasco Leonardo Da Vinci - Osasco 11/02/2026   IJ G896p O020254 11/02/2026 11/02/2026 Livros Classificação Decimal de Dewey